000 00807nam a22002771 4500
001 23843
003 BD-RjUL
005 20211209000958.0
008 140311s1953 enka 001 0 eng
035 _a(BD-RjUL)23908
035 _a(OCoLC)3450308
040 _aDLC
_cOC
_dUk
_dNSbSU
_dDLC
_dBD-RjUL
_beng
041 _aeng
082 _a929.9
_bCAB 1953
100 1 _aCampbell, Gordon,
_d1886-
_973418
245 1 4 _aThe book of flags /
_cGordon Campbell and I. O. Evans.
250 _a2d ed.
260 _aLondon :
_bOxford University Press,
_cc1953.
300 _axi, 116 p. :
_bill. ;
_c22 cm.
504 _aIncludes index.
650 0 _aFlags.
_973419
700 1 _aEvans, I. O.
_q(Idrisyn Oliver),
_d1894-
_ejoint author.
_973420
942 _2ddc
_cBK
999 _c23843
_d23843